00975nam a2200205 a 450000100100000000500170001000800410002704000250006808200150009310000280010824500760013625000110021226000720022330000280029550502410032370000400056470000350060495201130063999900170075200004586220260305073952.0110831s1985 dr 000 0 spa d aDO-SdBNPbspacBNPHU axxxxbxxxx1 aMontás, Onorio95904210aArte Taíno /cOnorio Montás, Pedro José Borrell, Frank Moya Pons. a2a ed. aSanto Domingo :bBanco Central de la República Dominicana,c1985. a231 p. :bil. ;c32 cm.0 tPresentación --tLos Taínos --tObjetivos utilizados en el ritual de la cohoba --tAdornos personales --tRecipientes --tObjetos utilitarios --tObjetos y diseños ceremoniales o de juego --tColeccionistas --tIsla de procedencia1 aBorrell B., Pedro J.,d1944-9669701 aMoya Pons, Frank,d1944-92095 0010718PDaPDbPDcCTd2015-05-25iLF1l0oxxxx xxxxp45862-10r2020-06-25w2020-06-25yLFPDZNo se presta c45351d45351